Library Logo

Pioneer International University Library Catalogue

MPENZI RUNINGA (Record no. 9633)

MARC details
000 -LEADER
fixed length control field 00410nam a22001457a 4500
003 - CONTROL NUMBER IDENTIFIER
control field OSt
005 - DATE AND TIME OF LATEST TRANSACTION
control field 20251021064449.0
008 - FIXED-LENGTH DATA ELEMENTS--GENERAL INFORMATION
fixed length control field 251021b |||||||| |||| 00| 0 eng d
020 ## - INTERNATIONAL STANDARD BOOK NUMBER
International Standard Book Number 9789966315755
040 ## - CATALOGING SOURCE
Transcribing agency LONGHORN PUBLISHERS
050 ## - LIBRARY OF CONGRESS CALL NUMBER
Classification number PL 8704 .M64 2016
245 ## - TITLE STATEMENT
Title MPENZI RUNINGA
Remainder of title NA HADITHI NYINGINE
Statement of responsibility, etc. MOHAMEN, A. SAID
260 ## - PUBLICATION, DISTRIBUTION, ETC.
Place of publication, distribution, etc. NAIROBI, KENYA
Name of publisher, distributor, etc. LONGHORN PUBLISHERS LTD
Date of publication, distribution, etc. 2016
942 ## - ADDED ENTRY ELEMENTS (KOHA)
Source of classification or shelving scheme Library of Congress Classification
Koha item type Books
Suppress in OPAC No

No items available.